GP von Bahrain (2025) - Ergebnisse - Statistiken

Allgemein
  • Dieses Quiz wurde 89 mal gespielt
  • Das Durchschnittsergebnis liegt bei 9 aus 10
Antwortstatistiken
Position Punkte Fahrer % Korrekt
4 12 Charles Leclerc
100%
3 15 Lando Norris
100%
6 8 Max Verstappen
100%
1 25 Oscar Piastri
100%
5 10 Lewis Hamilton
99%
2 18 George Russell
96%
8 4 Esteban Ocon
80%
7 6 Pierre Gasly
80%
9 2 Yuki Tsunoda
80%
10 1 Oliver Bearman
74%
Keine übereinstimmenden Quizze gefunden
Verteilung der Resultate
Anzahl Personen mit jedem Resultat
Perzentil nach korrekt beantworteten Fragen
Ihre Resultats-Entwicklung
Sie haben dieses Quiz noch nicht gespielt